MARC

Tag First Indicator Second Indicator Subfields
LEADER 00000cam a2200000 a 4500
001 in00000001715
007 he bmb024bbca
008 990402s1995 ncua b f000 0 eng d
005 20230310162256.6
035 |a (OCoLC)41093409 
035 |9 AJC4909AM 
035 |a in00000001715 
040 |a DGPO  |c DGPO  |d DLC  |d MvI  |d UtOrBLW 
043 |a n-usc-- 
049 |a UDOC 
049 |a WWW 
074 |a 0274-F-07 (MF) 
074 |a 0274-F-07 (online) 
086 0 |a C 55.287/62:95-01 
100 1 |a Lott, Neal. 
245 1 2 |a A California cloudburst! :  |b January & March 1995 /  |c Neal Lott, Tom Ross. 
246 3 |a January & March 1995, a California cloudburst! 
264 1 |a [Ashville, N.C.] :  |b National Climatic Data Center, Research Customer Service Group,  |c [1995] 
300 |a 22 leaves :  |b illustrations ;  |c 28 cm. 
336 |a text  |b txt  |2 rdacontent 
337 |a microform  |b h  |2 rdamedia 
338 |a microfiche  |b he  |2 rdacarrier 
490 1 |a Technical report ;  |v 95-01 
500 |a Cover title. 
500 |a Shipping list number: 99-0009-M. 
500 |a "August 1995." 
530 |a Also available via Internet from the NCDC web site. 
533 |a Microfiche.  |b [Washington, D.C.] :  |c Supt. of Docs., U.S. G.P.O.,  |d [1998]  |e 1 microfiche : negative. 
500 |a Microform. 
650 0 |a Precipitation (Meteorology)  |z California  |x Measurement. 
650 0 |a Depth-area-duration (Hydrometeorology) 
700 1 |a Ross, Tom. 
710 2 |a National Climatic Data Center (U.S.).  |b Research Customer Service Group. 
830 0 |a Technical report (National Climatic Data Center (U.S.). Research Customer Service Group) ;  |v 95-01. 
856 4 1 |u https://purl.fdlp.gov/GPO/LPS2548  |z PURL accesses list of NCDC technical reports from which a link may be made to the title desired  |t 0 
999 |a MARS 
999 f f |i a06bc83f-6510-3fad-9b08-1a125afa436f  |s 71544fb6-d778-3481-8033-e39b3c801428  |t 0 
952 f f |p normal  |a Texas A&M University  |b College Station  |c Sterling C. Evans Library  |d Evans: US Documents Microfiche (3rd floor)  |t 0  |e C 55.287/62:95-01  |h Superintendent of Documents classification  |i microform -- microfiche  |m A14838190048 
952 f f |a Texas A&M University  |b College Station  |c Electronic Resources  |d Available Online  |t 0  |e C 55.287/62:95-01  |h Superintendent of Documents classification 
998 f f |a C 55.287/62:95-01  |t 0  |l Available Online 
998 f f |a C 55.287/62:95-01  |t 0  |l Evans: US Documents Microfiche (3rd floor)